000
00307 a2200121 4500
090
_c
1354
_d
1354
100
_a
Sorokin, Pitirim A
245
_a
Social and Cultural Mobility
260
_a
Islamabad
_b
National Book Foundation
_c
2008
300
_a
645 p.
500
_a
Hardcover
942
_a
NBS
_c
BK
_k
301.44 SOR
999
_c
343876
_d
343876